[Event "40th Olympiad Women"]
[Site "Istanbul TUR"]
[Date "2012.08.29"]
[Round "2.35"]
[Board "4"]
[White "Leso, Gorata"]
[Black "Abdelmenaem, Sohayla"]
[Result "1/2-1/2"]
[WhiteElo "1631"]
[BlackElo "1732"]
[WhiteTeam "Botswana"]
[BlackTeam "Egypt"]
[WhiteFideId "11300442"]
[BlackFideId "10610529"]
[EventDate "2012.08.28"]

1. d4 Nf6 2. c4 d6 3. Nc3 Nbd7 4. Bg5 c6 5. e3 e5 6. d5 Be7 7. e4 cxd5 8. Bxf6
Nxf6 9. cxd5 O-O 10. Be2 Qa5 11. Qd2 Bd7 12. Nf3 a6 13. O-O b5 14. Bd3 Nh5 15.
Ne2 Qxd2 16. Nxd2 Rfc8 17. Rac1 Bg5 18. Rxc8+ Rxc8 19. Nb3 Bg4 20. f3 Be3+ 21.
Kh1 Bd7 22. Na5 Kf8 23. Nb3 Ke7 24. g3 Bh3 25. Re1 Bf2 26. Rd1 g5 27. g4 Nf4 28.
Nxf4 gxf4 29. Rc1 Rxc1+ 30. Nxc1 h5 31. gxh5 Kf6 32. Be2 Kg5 33. Nb3 Bb6 34. Nd2
Be3 35. Nb3 Bb6 36. Nd2 Be3 37. Nb3 Kxh5 38. Na5 Bb6 39. Nc6 Bc7 40. Nb4 Bc8 41.
Kg2 1/2-1/2

[Event "40th Olympiad Women"]
[Site "Istanbul TUR"]
[Date "2012.08.29"]
[Round "2.36"]
[Board "2"]
[White "Acevedo Mendez, Lisseth"]
[Black "Matoussi, Amani"]
[Result "1-0"]
[WhiteElo "1843"]
[BlackElo "1581"]
[WhiteTeam "Costa Rica"]
[BlackTeam "Tunisia"]
[WhiteFideId "6502938"]
[BlackFideId "5501156"]
[EventDate "2012.08.28"]

1. e4 e5 2. Nf3 Nf6 3. Nc3 Nc6 4. d4 exd4 5. Nxd4 Bb4 6. Nxc6 Bxc3+ 7. bxc3 bxc6
8. Bd3 O-O 9. O-O Qe7 10. Qf3 h6 11. Re1 d5 12. Bf4 Be6 13. e5 Nd7 14. Qh5 Rfe8
15. Re3 Qf8 16. Rg3 Kh8 17. Re1 c5 18. Ree3 d4 19. Rxg7 Qxg7 20. Rg3 Nf6 21.
exf6 1-0

[Event "40th Olympiad Women"]
[Site "Istanbul TUR"]
[Date "2012.08.29"]
[Round "2.36"]
[Board "3"]
[White "Marzouk, Amira"]
[Black "Rodriguez Arrieta, Maria Elena"]
[Result "0-1"]
[WhiteTitle "WCM"]
[WhiteElo "1694"]
[BlackElo "1738"]
[WhiteTeam "Tunisia"]
[BlackTeam "Costa Rica"]
[WhiteFideId "5501148"]
[BlackFideId "6502911"]
[EventDate "2012.08.28"]

1. e4 e5 2. Bc4 Nf6 3. d3 h6 4. Nc3 Bc5 5. f4 d6 6. f5 Nc6 7. Nf3 Bd7 8. Bd2 Qe7
9. Qe2 O-O-O 10. a3 Nd4 11. Nxd4 exd4 12. Nd5 Nxd5 13. Bxd5 c6 14. Ba2 Rde8 15.
O-O-O Bxf5 16. Qf3 Be6 17. Bxe6+ Qxe6 18. Kb1 Qd7 19. Rhf1 Re7 20. Bf4 Rd8 21.
Qg3 f6 22. Bd2 d5 23. exd5 Qxd5 24. Rde1 Rde8 25. Rxe7 Rxe7 26. Re1 Rxe1+ 27.
Qxe1 Qe5 28. Qd1 f5 29. Qh5 Bd6 30. h3 Qe6 31. Qh4 c5 32. Bf4 g5 0-1

[Event "40th Olympiad Women"]
[Site "Istanbul TUR"]
[Date "2012.08.29"]
[Round "2.37"]
[Board "4"]
[White "Basnayake, I U"]
[Black "Awad, Omaima"]
[Result "1-0"]
[BlackTitle "WCM"]
[WhiteElo "1788"]
[BlackElo "1675"]
[WhiteTeam "Sri Lanka"]
[BlackTeam "Yemen"]
[WhiteFideId "9901698"]
[BlackFideId "9400117"]
[EventDate "2012.08.28"]

1. e4 e5 2. Nf3 Nc6 3. Bb5 a6 4. Ba4 Nf6 5. O-O b5 6. Bb3 Be7 7. Re1 O-O 8. c3
d6 9. h3 Na5 10. Bc2 c5 11. d4 Qc7 12. Nbd2 Re8 13. Nf1 Bf8 14. Ng3 g6 15. d5
Nc4 16. a4 b4 17. Bd3 Nb6 18. cxb4 cxb4 19. Bg5 Bg7 20. Rc1 Qa7 21. Be3 Qb7 22.
Rc6 Nbxd5 23. exd5 e4 24. Rxd6 exd3 25. Qxd3 Qc7 26. Rb6 Rd8 27. d6 Qd7 28. Rxb4
Qxd6 29. Rd4 Nd5 30. Bf4 Qc6 31. Rc1 Qd7 32. Be5 Bb7 33. Rc7 1-0

[Event "40th Olympiad Women"]
[Site "Istanbul TUR"]
[Date "2012.08.29"]
[Round "2.38"]
[Board "1"]
[White "Jalloul, Maya M."]
[Black "Olatunji, Oluwatobiloba"]
[Result "1-0"]
[WhiteTitle "WFM"]
[WhiteElo "1923"]
[BlackElo "1818"]
[WhiteTeam "Lebanon"]
[BlackTeam "Nigeria"]
[WhiteFideId "5300800"]
[BlackFideId "8500924"]
[EventDate "2012.08.28"]

1. e4 e6 2. Nf3 d5 3. Nc3 Nf6 4. e5 Nfd7 5. d4 c5 6. dxc5 Bxc5 7. Bd3 Nc6 8. Bf4
Qb6 9. O-O Qxb2 10. Nb5 Rb8 11. Bd2 d4 12. Bc4 Nb4 13. Bb3 Nxc2 14. Rb1 Qxb1 15.
Qxb1 Na3 16. Nxa3 Bxa3 17. Nxd4 Nxe5 18. Bf4 Bd6 19. Qe4 f5 20. Qe2 1-0

[Event "40th Olympiad Women"]
[Site "Istanbul TUR"]
[Date "2012.08.29"]
[Round "2.39"]
[Board "1"]
[White "Wang, Chengjia"]
[Black "Zepeda, Lorena"]
[Result "0-1"]
[BlackTitle "WIM"]
[WhiteElo "1988"]
[BlackElo "2139"]
[WhiteTeam "South Korea"]
[BlackTeam "El Salvador"]
[WhiteFideId "8601844"]
[BlackFideId "6700233"]
[EventDate "2012.08.28"]

1. e4 c5 2. Nf3 d6 3. d4 cxd4 4. Nxd4 Nf6 5. Nc3 a6 6. Be2 e6 7. Be3 Nc6 8. O-O
Be7 9. f4 O-O 10. Qe1 Qc7 11. Qg3 Re8 12. Rad1 Bd7 13. Nf3 b5 14. a3 b4 15. axb4
Nxb4 16. Bd3 Rab8 17. e5 Nh5 18. Bxh7+ Kxh7 19. Qh3 g6 20. g4 Rh8 21. gxh5 Kg8
22. Qg2 Rxh5 23. exd6 Bxd6 24. Ne4 Be7 25. Ne5 Be8 26. c3 Nc6 27. Ng4 Kg7 28.
Ng3 Rh4 29. Ne5 Nxe5 30. fxe5 Qxe5 31. Bd4 Bc5 32. Qf2 Bxd4 33. cxd4 Qg5 34. Qd2
Qxd2 35. Rxd2 Rd8 36. Ne2 Bb5 37. Rf4 Rxf4 38. Nxf4 e5 39. Ne2 Bxe2 40. Rxe2
exd4 41. Kf2 d3 42. Rd2 Kf6 43. Ke3 Ke5 44. Rf2 d2 45. Rxd2 Rxd2 46. Kxd2 Kf4
47. Kc3 Ke3 48. Kb4 f5 49. Ka5 f4 50. Kxa6 f3 51. b4 f2 52. b5 f1=Q 53. Kb6 Kd4
54. Kc6 Qf6+ 0-1

[Event "40th Olympiad Women"]
[Site "Istanbul TUR"]
[Date "2012.08.29"]
[Round "2.39"]
[Board "2"]
[White "Sanchez, Ingrid"]
[Black "Kim, Taegyeong"]
[Result "1-0"]
[WhiteTitle "WCM"]
[BlackTitle "WCM"]
[WhiteElo "1992"]
[BlackElo "1536"]
[WhiteTeam "El Salvador"]
[BlackTeam "South Korea"]
[WhiteFideId "6700217"]
[BlackFideId "13200976"]
[EventDate "2012.08.28"]

1. e4 Nf6 2. e5 Nd5 3. d4 d6 4. Nf3 g6 5. Be2 Bg7 6. O-O O-O 7. Bg5 dxe5 8. dxe5
Nc6 9. c4 Ndb4 10. Nc3 Bf5 11. Qxd8 Rfxd8 12. Rad1 a6 13. h3 h6 14. Bh4 g5 15.
Bg3 e6 16. Rfe1 Nc2 17. Rxd8+ Rxd8 18. Rc1 N2d4 19. Kf1 b6 20. Rd1 Kf8 21. b3
Ke7 22. Na4 Nxf3 23. Bxf3 Rxd1+ 24. Bxd1 Bxe5 25. Bxe5 Nxe5 26. Nc3 Kd6 27. Ke2
g4 28. h4 Ng6 29. g3 e5 30. Ke3 Ne7 31. Be2 Bc8 32. Ne4+ Kc6 33. Nf6 Kd6 34.
Nxg4 Ng8 35. f4 exf4+ 36. Kxf4 f5 37. Ne3 Ne7 38. h5 Ke6 39. g4 fxg4 40. Bxg4+
Kf7 41. Bxc8 Nxc8 42. Nf5 Ne7 43. Nxh6+ Ke6 44. Ng4 c6 45. Kg5 b5 46. h6 Kf7 47.
Ne5+ Kf8 48. Ng6+ Nxg6 49. Kxg6 Kg8 50. Kf6 1-0

[Event "40th Olympiad Women"]
[Site "Istanbul TUR"]
[Date "2012.08.29"]
[Round "2.39"]
[Board "4"]
[White "Garcia, Alcira"]
[Black "Oh, Minah"]
[Result "0-1"]
[BlackTitle "WCM"]
[WhiteElo "1782"]
[BlackElo "1522"]
[WhiteTeam "El Salvador"]
[BlackTeam "South Korea"]
[WhiteFideId "6702945"]
[BlackFideId "13201239"]
[EventDate "2012.08.28"]

1. e4 e5 2. Nf3 Nc6 3. d4 exd4 4. Nxd4 Nf6 5. Nxc6 bxc6 6. Nc3 Bb4 7. Bg5 Qe7 8.
Bd3 h6 9. Bd2 d5 10. O-O d4 11. Ne2 Bxd2 12. Qxd2 c5 13. c3 Nxe4 14. Bxe4 Qxe4
15. Nxd4 O-O 16. Rfe1 Qg6 17. Ne2 Bb7 18. Nf4 Qc6 19. f3 Rad8 20. Qf2 Qd6 21.
Nh5 g6 22. Ng3 Rfe8 23. Ne4 Bxe4 24. fxe4 Re7 25. Re2 Rde8 26. Rae1 a5 27. Rd2
Qc6 28. Rf1 Qxe4 29. Qxc5 a4 30. Qd4 Qc6 31. Rdf2 Qb5 32. Qf4 Kh7 33. Qh4 Qd7
34. Qc4 f5 35. g4 Rg7 36. Rg2 Re4 37. Qa6 fxg4 38. b3 axb3 39. axb3 Qe7 40. Qd3
Re1 41. Rxg4 Rxf1+ 42. Kxf1 Rf7+ 43. Kg2 Qf6 44. Qg3 Qf1# 0-1

[Event "40th Olympiad Women"]
[Site "Istanbul TUR"]
[Date "2012.08.29"]
[Round "2.40"]
[Board "2"]
[White "Boyard, Marie"]
[Black "Amoko, Ivy Claire"]
[Result "1-0"]
[WhiteElo "2035"]
[BlackElo "1705"]
[WhiteTeam "Luxembourg"]
[BlackTeam "Uganda"]
[WhiteFideId "4001486"]
[BlackFideId "10000291"]
[EventDate "2012.08.28"]

1. d4 d5 2. Nc3 Nf6 3. Bg5 e6 4. e4 Be7 5. e5 Nfd7 6. Bxe7 Qxe7 7. f4 O-O 8. Nf3
b6 9. Bd3 Ba6 10. Bxh7+ Kh8 11. Bd3 g6 12. O-O c5 13. Ng5 Kg7 14. Bxa6 Nxa6 15.
Qg4 cxd4 16. Ne2 Rh8 17. Nxd4 Rh5 18. Rae1 Rah8 19. h3 Rh4 20. Qg3 Nc7 21. c3
Nc5 22. f5 exf5 23. Nxf5+ gxf5 24. Ne6+ 1-0

[Event "40th Olympiad Women"]
[Site "Istanbul TUR"]
[Date "2012.08.29"]
[Round "2.41"]
[Board "1"]
[White "Al-khelaifi, Aisha"]
[Black "Mir Mahmoud, Afamia"]
[Result "1/2-1/2"]
[WhiteElo "1688"]
[BlackElo "1970"]
[WhiteTeam "Qatar"]
[BlackTeam "Syria"]
[WhiteFideId "12100625"]
[BlackFideId "7600674"]
[EventDate "2012.08.28"]

1. e4 c5 2. Nf3 e6 3. c3 d5 4. exd5 Qxd5 5. d4 Nc6 6. Be3 cxd4 7. cxd4 Nf6 8. a3
Be7 9. Nc3 Qd6 10. Bd3 O-O 11. O-O a6 12. h3 b5 13. Qe2 Bb7 14. Rad1 b4 15. axb4
Nxb4 16. Bb1 Rac8 17. Ne5 a5 18. Rfe1 Nbd5 19. Bd2 Qb6 20. Bg5 Rfd8 21. Nxd5
Bxd5 22. Bxh7+ Kf8 23. Bb1 Bb3 24. Rd3 Bc4 25. Nxc4 Rxc4 26. Be3 Nd5 27. Ba2 Rb4
28. Bxd5 Rxd5 29. Rb1 Bf6 30. Qd2 Qb7 31. Kf1 a4 32. Qc3 Rdb5 33. Rd2 Rb3 34.
Qc2 a3 35. d5 Rxb2 36. Rxb2 Rxb2 37. Qc5+ Kg8 38. Qxa3 Qb5+ 39. Qd3 exd5 40.
Qxb5 Rxb5 41. Ke2 Kf8 1/2-1/2

[Event "40th Olympiad Women"]
[Site "Istanbul TUR"]
[Date "2012.08.29"]
[Round "2.41"]
[Board "2"]
[White "Algildah, Nibal"]
[Black "Al-khulaifi, Ghada"]
[Result "0-1"]
[WhiteTitle "WIM"]
[WhiteElo "1881"]
[BlackElo "1646"]
[WhiteTeam "Syria"]
[BlackTeam "Qatar"]
[WhiteFideId "7600950"]
[BlackFideId "12100633"]
[EventDate "2012.08.28"]

1. c4 e6 2. Nf3 d5 3. e3 c6 4. Nc3 f5 5. d4 Nf6 6. a3 Bd6 7. Bd3 O-O 8. Qc2 Ne4
9. O-O Nd7 10. b4 Rf6 11. cxd5 exd5 12. b5 Rh6 13. g3 Qe8 14. bxc6 bxc6 15. Be2
Ndf6 16. Bb2 Ng4 17. Bd1 Qh5 18. h4 Ba6 19. Nxe4 fxe4 20. Qxc6 Rf8 21. Qxa6 Bxg3
22. Qa5 exf3 23. fxg3 Nxe3 24. Rf2 Qg4 25. Rxf3 Rxf3 26. Bxf3 Qxg3+ 0-1

[Event "40th Olympiad Women"]
[Site "Istanbul TUR"]
[Date "2012.08.29"]
[Round "2.41"]
[Board "4"]
[White "Stef, Shirin"]
[Black "Al-Khelaifi, Kholoud"]
[Result "1-0"]
[WhiteElo "1942"]
[BlackElo "1498"]
[WhiteTeam "Syria"]
[BlackTeam "Qatar"]
[WhiteFideId "7602030"]
[BlackFideId "12100145"]
[EventDate "2012.08.28"]

1. d4 d5 2. Nf3 f5 3. c4 e6 4. cxd5 exd5 5. Nc3 Nf6 6. Bg5 c6 7. e3 Bd6 8. Bd3
h6 9. Bh4 O-O 10. Qc2 Qd7 11. Bg3 Ne4 12. Nh4 Qe6 13. Bxd6 Qxd6 14. O-O Qf6 15.
Nf3 Nd7 16. Nd2 Qe7 17. Rfe1 Ndf6 18. Nb3 Bd7 19. f3 Nxc3 20. bxc3 b6 21. c4
dxc4 22. Bxc4+ Be6 23. Rac1 Rac8 24. Qxf5 Bxc4 25. Rxc4 Nd5 26. Qd3 Rfe8 27. e4
Nf4 28. Qd2 Qf7 29. Rec1 Qf6 30. e5 Qg5 31. Rxc6 Rxc6 32. Rxc6 Nh3+ 33. Kf1 Qxd2
34. Nxd2 Nf4 35. Nc4 Re7 36. g3 Nd5 37. f4 Kf7 38. Nd6+ Kf8 39. Rc8+ Re8 40.
Rxe8# 1-0

[Event "40th Olympiad Women"]
[Site "Istanbul TUR"]
[Date "2012.08.29"]
[Round "2.42"]
[Board "1"]
[White "Hamza, Amira"]
[Black "Arda, Cagil Irmak"]
[Result "1-0"]
[WhiteTitle "WCM"]
[BlackTitle "WCM"]
[WhiteElo "1840"]
[BlackElo "1634"]
[WhiteTeam "Algeria"]
[BlackTeam "Turkey 2023"]
[WhiteFideId "7901160"]
[BlackFideId "6351700"]
[EventDate "2012.08.28"]

1. d4 d5 2. Nf3 Nf6 3. g3 c6 4. Bg2 Bf5 5. O-O h6 6. Nbd2 e6 7. c4 Be7 8. b3
Nbd7 9. Bb2 O-O 10. Rc1 Ne4 11. Ne5 Nxd2 12. Qxd2 dxc4 13. Nxc4 Nf6 14. f3 Bh7
15. b4 Nd5 16. a3 Nb6 17. Na5 Qd7 18. e4 Rac8 19. Rfd1 Rfd8 20. Qe2 Na4 21. Ba1
b6 22. Nc4 Qb7 23. Ne3 c5 24. bxc5 bxc5 25. d5 exd5 26. Nxd5 Bf8 27. Bh3 Rb8 28.
f4 Nb6 29. Be5 Bd6 30. Nf6+ gxf6 31. Bxd6 Ra8 32. e5 Qe4 33. Qg4+ Kh8 34. Be7
Qe3+ 35. Kh1 Be4+ 36. Bg2 Bxg2+ 37. Kxg2 Rg8 38. Bxf6+ Kh7 39. Qf5+ Rg6 40. Be7
Kg8 41. Bxc5 Qe2+ 42. Bf2 Nc4 43. Qd3 Qxd3 44. Rxd3 Nb6 45. Rdc3 Rd8 46. Rc6 Rd3
47. Rxg6+ fxg6 48. Rc6 Rxa3 49. Bxb6 axb6 50. Rxg6+ Kh7 51. Rxb6 Kg7 52. h4 Rc3
53. h5 Rc7 54. Rg6+ Kh7 55. Kf3 Re7 56. Ke4 Ra7 57. e6 Rb7 58. Kf5 Rb2 59. e7
Rb4 60. Re6 Rb5+ 61. Ke4 Rb4+ 62. Kd3 Rb3+ 63. Kc4 Rb8 64. e8=Q Rxe8 65. Rxe8 1-0

[Event "40th Olympiad Women"]
[Site "Istanbul TUR"]
[Date "2012.08.29"]
[Round "2.42"]
[Board "2"]
[White "Onur, Cigdem"]
[Black "Latreche, Khadidja"]
[Result "1-0"]
[BlackTitle "WCM"]
[WhiteElo "1627"]
[BlackElo "1889"]
[WhiteTeam "Turkey 2023"]
[BlackTeam "Algeria"]
[WhiteFideId "6346030"]
[BlackFideId "7901780"]
[EventDate "2012.08.28"]

1. e4 c5 2. Nf3 Nc6 3. d4 cxd4 4. Nxd4 g6 5. Nc3 Bg7 6. Be3 Nf6 7. Bc4 O-O 8.
Bb3 a5 9. O-O a4 10. Nxa4 Nxe4 11. Nb5 d5 12. Bb6 Qd7 13. Nc7 Rxa4 14. Bxa4 Bxb2
15. Qxd5 Bxa1 16. Rxa1 Nc3 17. Qxd7 Bxd7 18. Bb3 Rc8 19. Re1 Bf5 20. Re3 Nd1 21.
Re1 Nc3 22. Re3 Nb1 23. Re2 Rd8 24. Nd5 Rd7 25. Bc5 Be6 26. c4 Bxd5 27. cxd5 Nc3
28. dxc6 Nxe2+ 29. Kf1 bxc6 30. Kxe2 e6 31. a4 Kg7 32. a5 e5 33. a6 Kf6 34. a7
Rd8 35. Ba4 Rc8 36. Bxc6 Rxc6 37. a8=Q Rxc5 38. Qh8+ Kf5 39. Qxh7 Rc2+ 40. Ke3
Rc3+ 41. Kd2 Rc7 42. h3 Ke6 43. Qh4 f5 44. Qb4 Rd7+ 45. Ke2 Rd6 46. Qc4+ Kf6 47.
Qc8 e4 48. Qf8+ Ke5 49. Qe7+ Re6 50. Qc7+ Kd5 51. Ke3 Rc6 52. Qb7 Kd6 53. Kd4
Rc7 54. Qd5+ Ke7 55. Ke5 Rd7 56. Qe6+ Kd8 57. Qxg6 1-0

[Event "40th Olympiad Women"]
[Site "Istanbul TUR"]
[Date "2012.08.29"]
[Round "2.42"]
[Board "3"]
[White "Latreche, Sabrina"]
[Black "Hereklioglu, Sude"]
[Result "1-0"]
[WhiteTitle "WIM"]
[WhiteElo "1949"]
[BlackElo "1586"]
[WhiteTeam "Algeria"]
[BlackTeam "Turkey 2023"]
[WhiteFideId "7901798"]
[BlackFideId "6359531"]
[EventDate "2012.08.28"]

1. e4 c5 2. Nf3 e6 3. Qe2 Nc6 4. g3 Nf6 5. Bg2 Be7 6. O-O O-O 7. d3 d5 8. e5 Nd7
9. c3 b6 10. Re1 Ba6 11. Nbd2 Rc8 12. Nf1 Qc7 13. Bf4 Rfd8 14. h4 Nf8 15. h5 h6
16. N1h2 Nh7 17. Qd2 Bf8 18. Ng4 Ne7 19. Nh4 b5 20. Rac1 Qa5 21. Nh2 d4 22. Be4
c4 23. Qc2 Ng5 24. Bxg5 hxg5 25. N4f3 cxd3 26. Bxd3 dxc3 27. Nxg5 g6 28. hxg6
fxg6 29. Bxg6 cxb2 30. Bf7+ Kg7 31. Qh7# 1-0

[Event "40th Olympiad Women"]
[Site "Istanbul TUR"]
[Date "2012.08.29"]
[Round "2.42"]
[Board "4"]
[White "Okuyaz, Duru"]
[Black "Nouali, Djouher"]
[Result "1/2-1/2"]
[WhiteElo "1547"]
[BlackElo "1727"]
[WhiteTeam "Turkey 2023"]
[BlackTeam "Algeria"]
[WhiteFideId "6346022"]
[BlackFideId "7900414"]
[EventDate "2012.08.28"]

1. e4 e5 2. Nf3 Nc6 3. Bb5 a6 4. Ba4 Nf6 5. O-O b5 6. Bb3 Be7 7. d4 d6 8. c3 O-O
9. Nbd2 Bg4 10. d5 Na5 11. Bc2 Rb8 12. b4 Nb7 13. Re1 a5 14. a3 Qc8 15. Bb2 c5
16. Rc1 axb4 17. axb4 c4 18. Ra1 Ra8 19. Qe2 Qc7 20. Nf1 Nh5 21. h3 Nf4 22. Qe3
Bd7 23. Ng3 g6 24. Ne2 Nxe2+ 25. Qxe2 Rfb8 26. Qe3 Qd8 27. Ra7 Qc8 28. Rea1 Rxa7
29. Qxa7 Nd8 30. Kh2 f6 31. Bc1 Nf7 32. Be3 Rb7 33. Qa6 Qc7 34. Nd2 Kg7 35. Nf1
f5 36. f3 f4 37. Bf2 g5 38. Kg1 h5 39. Nh2 Nh6 40. Bd1 Ng8 41. Qa5 Qc8 42. Qa8 1/2-1/2

[Event "40th Olympiad Women"]
[Site "Istanbul TUR"]
[Date "2012.08.29"]
[Round "2.43"]
[Board "1"]
[White "Ishizuka, Mirai"]
[Black "Azman Hisham, Nur Najiha"]
[Result "0-1"]
[BlackTitle "WFM"]
[WhiteElo "1839"]
[BlackElo "1882"]
[WhiteTeam "Japan"]
[BlackTeam "Malaysia"]
[WhiteFideId "7001070"]
[BlackFideId "5704685"]
[EventDate "2012.08.28"]

1. e4 c5 2. Nf3 e6 3. d4 cxd4 4. Nxd4 a6 5. Nc3 Qc7 6. a3 Nf6 7. Be3 b5 8. Bd3
Bb7 9. O-O Be7 10. f4 d6 11. Qe2 O-O 12. Kh1 Nbd7 13. Nb3 Rfd8 14. Rae1 Ne8 15.
Bd2 Bf6 16. Rf3 Nc5 17. Nxc5 dxc5 18. Qf2 c4 19. Bf1 Qd7 20. Bc1 Bd4 21. Qh4 Nf6
22. Rh3 h6 23. e5 Bxc3 24. Rxc3 Ne4 25. Rce3 Nc5 26. Be2 Rac8 27. Bf3 Bxf3 28.
Rxf3 Qd1 29. Qf2 Ne4 30. Qe3 Qxc2 31. Rff1 Nc5 32. Re2 Rd1 33. Rxd1 Qxd1+ 34.
Re1 Qd3 35. Qg1 Qc2 36. Rd1 Nd3 37. Be3 Qxb2 38. Rb1 Qxa3 39. Ra1 Qb3 40. Rxa6
c3 41. Bc1 Qb1 0-1

[Event "40th Olympiad Women"]
[Site "Istanbul TUR"]
[Date "2012.08.29"]
[Round "2.43"]
[Board "4"]
[White "Camilia, Bt. Johari"]
[Black "Hoshino, Karen"]
[Result "1-0"]
[WhiteElo "1778"]
[BlackElo "1640"]
[WhiteTeam "Malaysia"]
[BlackTeam "Japan"]
[WhiteFideId "5704677"]
[BlackFideId "2137984"]
[EventDate "2012.08.28"]

1. d4 Nf6 2. Nf3 e6 3. c4 b6 4. Nc3 Bb4 5. Qc2 O-O 6. Bg5 Bb7 7. e3 d6 8. Bd3 h6
9. Bh4 Nbd7 10. a3 Bxc3+ 11. Qxc3 Qc8 12. O-O c5 13. Rac1 Qc6 14. Rfd1 cxd4 15.
Qxd4 e5 16. Qc3 Qc8 17. Bf5 Qc7 18. Bxd7 Nxd7 19. Be7 Rfe8 20. Bxd6 Qc6 21. Qd2
e4 22. Ne1 Nc5 23. Bxc5 Qxc5 24. b4 Qg5 25. Qd7 Re7 26. Qd4 Rc8 27. c5 Rec7 28.
Rb1 bxc5 29. bxc5 Ba6 30. Qxe4 Rxc5 31. Nf3 Qf6 32. Qd4 Qf5 33. Qd7 Qxd7 34.
Rxd7 Rc1+ 35. Rd1 Rxd1+ 36. Rxd1 Be2 37. Rb1 a6 38. Nd4 Bb5 39. h3 Bd3 40. Rb3
Bg6 41. Rb6 Ra8 42. Kf1 a5 43. Ke1 Kf8 44. Rb5 Bd3 45. Rb3 Bc4 46. Rb6 a4 47. g3
Bd5 48. Kd2 g6 49. Kc3 Ke7 50. Kb4 Kd7 51. Rb5 Ba2 52. Ra5 Rxa5 53. Kxa5 Bb3 54.
Kb4 Bd1 55. Nb5 Kc6 56. Nc3 Bb3 57. Nxa4 Bxa4 58. Kxa4 Kb6 59. Kb4 f6 60. a4 h5
61. Kc4 Kc6 62. a5 g5 63. a6 f5 64. a7 Kb7 65. Kd5 g4 66. hxg4 hxg4 67. Ke5 Kxa7
68. Kxf5 Kb6 69. Kxg4 Kc6 70. f4 Kd5 71. f5 Ke4 72. f6 Kxe3 73. f7 Kd4 74. f8=Q
Kd5 75. Qf4 Kc5 76. Qe4 Kd6 77. Kf5 Kc5 78. Ke6 Kb5 79. Qd4 Ka5 80. Qc4 Kb6 81.
Kd6 Ka7 82. Kc7 Ka8 83. Qc6+ 1-0

[Event "40th Olympiad Women"]
[Site "Istanbul TUR"]
[Date "2012.08.29"]
[Round "2.44"]
[Board "1"]
[White "Al-Rufaye, Iman Hasan Mohammed"]
[Black "Lin, Yu-Tong Elaine"]
[Result "1-0"]
[WhiteTitle "WIM"]
[WhiteElo "2171"]
[BlackElo "1482"]
[WhiteTeam "Iraq"]
[BlackTeam "Chinese Taipei"]
[WhiteFideId "4801067"]
[BlackFideId "16300149"]
[EventDate "2012.08.28"]

1. e4 c5 2. Nf3 d6 3. d4 cxd4 4. Nxd4 Nf6 5. Nc3 g6 6. g3 Bg7 7. Bg2 Qb6 8. Nde2
Nc6 9. O-O O-O 10. Rb1 Be6 11. Nd5 Bxd5 12. exd5 Nb4 13. a3 Na6 14. c4 Rac8 15.
Be3 Qc7 16. Rc1 Ng4 17. Bd4 Nf6 18. b4 b6 19. Ba1 Nd7 20. Nd4 Nab8 21. f4 Qb7
22. Re1 Rfe8 23. g4 Qa6 24. Qb3 Kf8 25. g5 Qb7 26. Nc6 Bxa1 27. Rxa1 e6 28. Qh3
Kg8 29. dxe6 Nf8 30. Nd8 Qc7 31. exf7+ 1-0

[Event "40th Olympiad Women"]
[Site "Istanbul TUR"]
[Date "2012.08.29"]
[Round "2.44"]
[Board "2"]
[White "Chen, I-Chen"]
[Black "Jalaluldeen, Kareen Kamal J."]
[Result "0-1"]
[BlackTitle "WFM"]
[WhiteElo "1684"]
[BlackElo "1779"]
[WhiteTeam "Chinese Taipei"]
[BlackTeam "Iraq"]
[WhiteFideId "16300181"]
[BlackFideId "4801776"]
[EventDate "2012.08.28"]

1. e4 e6 2. d4 d5 3. Nc3 Nf6 4. Bg5 Be7 5. e5 Nfd7 6. Bxe7 Qxe7 7. Nf3 a6 8. Be2
O-O 9. O-O c5 10. Re1 Nc6 11. Bf1 b5 12. Ne2 cxd4 13. Nexd4 Bb7 14. Nxc6 Bxc6
15. Nd4 Rac8 16. Qg4 Nc5 17. c3 Bd7 18. Rac1 f6 19. Qe2 Qf7 20. f3 Qg6 21. Qe3
f5 22. Nb3 Nxb3 23. axb3 f4 24. Qb6 Rc6 25. Qd4 Be8 26. c4 bxc4 27. bxc4 dxc4
28. Bxc4 Qf7 29. b3 Qd7 30. Red1 Qxd4+ 31. Rxd4 g5 32. Rd6 Rxd6 33. exd6 Bd7 34.
Bxa6 Ra8 35. Bc4 Kf7 36. Rc2 Rb8 37. Ra2 Rb6 38. Ra6 Rxa6 39. Bxa6 Kf6 40. b4
Ke5 41. b5 Kxd6 42. b6 Bc6 43. Kf2 Bd5 44. Ke2 e5 45. Kd3 g4 46. fxg4 Bxg2 47.
h4 Bf1+ 0-1

[Event "40th Olympiad Women"]
[Site "Istanbul TUR"]
[Date "2012.08.29"]
[Round "2.44"]
[Board "3"]
[White "Al-Fayyadh, Zainab Asif Abdulah"]
[Black "Wang, Mi"]
[Result "1-0"]
[WhiteElo "1635"]
[BlackElo "1533"]
[WhiteTeam "Iraq"]
[BlackTeam "Chinese Taipei"]
[WhiteFideId "4806476"]
[BlackFideId "16300483"]
[EventDate "2012.08.28"]

1. e4 e5 2. Nf3 Nc6 3. Bb5 a6 4. Bxc6 dxc6 5. O-O Bd6 6. h3 Nf6 7. Nc3 O-O 8. d3
h6 9. Be3 Bd7 10. Ne2 Re8 11. Ng3 c5 12. Nh2 Bc6 13. Nf5 b6 14. Ng4 Rb8 15. Qf3
Re6 16. Qg3 Nxg4 17. Qxg4 Rg6 18. Qh4 Qxh4 19. Nxh4 Rf6 20. Nf5 c4 21. f4 cxd3
22. fxe5 Bxe5 23. Ne7+ Kf8 24. Rxf6 Bxf6 25. Nxc6 Re8 26. cxd3 Bxb2 27. Rb1 Bf6
28. Bf4 Re6 29. Nb4 Bd4+ 30. Kh2 a5 31. Nd5 Be5 32. Bxe5 Rxe5 33. Nxc7 Rc5 34.
Nd5 b5 35. a4 b4 36. Kg3 Ke8 37. Kf4 Kd7 38. Ke5 Rc2 39. Ne3 Ra2 40. Nc4 Kc7 41.
Nb2 Kc6 42. h4 Ra3 43. Rc1+ Kb7 44. Kd4 Rb3 45. Nc4 Ka6 46. g4 f6 47. h5 Ka7 48.
Nxa5 Ra3 49. Nc6+ Kb6 50. Nxb4 Rxa4 51. Kc3 Kb5 52. Nd5 Ra3+ 53. Kd4 Ra7 54. Rc7
Rxc7 55. Nxc7+ Kc6 56. Ne6 Kd6 57. Nxg7 Kc6 58. Nf5 Kd7 59. Nxh6 Ke6 60. Ng8 f5
61. gxf5+ Kf7 62. e5 Kxg8 63. f6 Kf7 64. Kd5 Ke8 65. e6 Kf8 66. Kd6 Ke8 67. f7+
Kf8 68. e7+ Kxf7 69. Kd7 Kf6 70. e8=Q Kf5 71. h6 Kf4 72. h7 Kf5 73. h8=Q Kf4 74.
Qf6+ Kg3 75. Qg8+ Kh3 76. Qh6# 1-0